Statistics for Name the Theme of Minecraft Updates

Click here to take the quiz!

General Stats

  • This quiz has been taken 7 times
  • The average score is 10 of 17

Answer Stats

HintAnswer% Correct
1.16Nether Update
100%
1.13Update Aquatic
100%
1.9The Combat Update
83%
1.14Village and Pillage
83%
1.15Buzzy Bees
67%
1.17Caves and Cliffs pt. 1
67%
1.18Caves and Cliffs pt. 2
67%
1.10Frostburn Update
50%
1.6Horse Update
50%
1.4Pretty Scary Update
50%
1.5Redstone Update
50%
1.12World of Color Update
50%
1.0Adventure Update 2
33%
1.8Bountiful Update
33%
1.11Exploration Update
33%
1.7The Update That Changed the World
33%
1.19Wild Update
33%

Score Distribution

Percentile by Number Answered

Percent of People with Each Score

Your Score History

You have not taken this quiz